00262nam a2200121Ia 4500008004100000100001400041245001900055260001800074300000800092650001600100942000700116999001700123190216s9999||||xx |||||||||||||| ||und|| aNarayanan 0aCalculus Vol 1 bVijay Nicoles a432 aMathematics cBK c31935d31935